000 00493cam a2200169u 4500
082 _a330
_bSMI
100 1 _aSmith, Adam,
_949220
245 0 3 _aAn inquiry into the nature and causes of the wealth of nations.
250 _a2d ed.
260 _aOxford,
_bClarendon press,
_c1880.
300 _a2 v.
_bfront (port.)
_c23 cm.
526 _a0
_b0
_c0
_d330_000000000000000_SMI
650 0 _aEconomics.
_91437
650 0 _aMCE
_9379
700 1 _aRogers, James E. Thorold
_949221
942 _2ddc
_cBK
999 _c552031
_d552031